000 00305nam a2200133Ia 4500
008 191201s2002 xx 000 0 und d
100 _aGRUBER, M
245 0 _aUnderstanding SQL
250 _a1st
260 _aN.Delhi
_bBPB Publication
_c2002
300 _a484
650 _aB.Tech(CSE)
942 _2ddc
_cBK
999 _c1820
_d1820